00781nam a2200241Ia 450000500170000000800410001702000220005804100080008008200150008810000240010324500370012725000120016426000410017630000210021744000060023850000290024465000360027370000240030990600070033394200070034099900170034795201750036420251121182012.0230125s9999 xx 000 0 und d a978-81-8495-475-3 aeng a158.1bPRI aPriestley D9215360 aBecome A Key Person Of Influence a1st Ed. c2013bJaico Publishing HouseaMumbai a185pcPaper Back v1 aPersonality Development  aPersonality Development9213420 aPriestley D9215360 b27 cBK c95015d95015 00104070aHIMRbHIMRd2019-03-06ePritam Book Centreg225.00i10786l2o158.1 PRI B18482pHIMR-BK-18482r2024-03-13 00:00:00s2024-03-06v198.00w2019-03-05yBKzB18482